00314nam a2200109Ia 4500008004100000020001700041040002900058050002900087100001600116245005200132260002000184230222s9999||||xx |||||||||||||| ||und|| a92-5-1031274 cChuka University Library aFAO TP 248 bS47C43 1992 aCecil J.E.  0aSmall-medium and large-scale starch processing  aFAObRomec1992